Lucas Cranach the Elder : (Record no. 25150)

000 -LEADER
fixed length control field 01740cam a22003737a 4500
001 - CONTROL NUMBER
control field 15552444
005 - DATE AND TIME OF LATEST TRANSACTION
control field 20170131085518.0
008 - FIXED-LENGTH DATA ELEMENTS--GENERAL INFORMATION
fixed length control field 081211s2009 mdua b 001 0 eng d
010 ## - LIBRARY OF CONGRESS CONTROL NUMBER
LC control number 2008943387
020 ## - INTERNATIONAL STANDARD BOOK NUMBER
International Standard Book Number 076184337X (cloth bound)
020 ## - INTERNATIONAL STANDARD BOOK NUMBER
International Standard Book Number 9780761843375 (cloth bound)
020 ## - INTERNATIONAL STANDARD BOOK NUMBER
International Standard Book Number 9780761843382 (pbk.)
020 ## - INTERNATIONAL STANDARD BOOK NUMBER
International Standard Book Number 0761843388 (pbk.)
035 ## - SYSTEM CONTROL NUMBER
System control number (OCoLC)ocn256530181
040 ## - CATALOGING SOURCE
Original cataloging agency YDXCP
Transcribing agency YDXCP
Modifying agency BTCTA
-- SNN
-- CDX
-- BWX
-- IAY
-- GZM
-- LNT
-- DLC
042 ## - AUTHENTICATION CODE
Authentication code lccopycat
043 ## - GEOGRAPHIC AREA CODE
Geographic area code e-gw---
050 00 - LIBRARY OF CONGRESS CALL NUMBER
Classification number N6888
Item number .C72N62 2009
100 1# - MAIN ENTRY--PERSONAL NAME
Personal name Noble, Bonnie.
245 10 - TITLE STATEMENT
Title Lucas Cranach the Elder :
Remainder of title art and devotion of the German Reformation /
Statement of responsibility, etc. Bonnie Noble.
260 ## - PUBLICATION, DISTRIBUTION, ETC. (IMPRINT)
Place of publication, distribution, etc. Lanham, Md. :
Name of publisher, distributor, etc. University Press of America,
Date of publication, distribution, etc. 2009.
300 ## - PHYSICAL DESCRIPTION
Extent viii, 227 p. :
Other physical details ill. ;
Dimensions 24 cm.
504 ## - BIBLIOGRAPHY, ETC. NOTE
Bibliography, etc Includes bibliographical references (p. 201-218) and index.
505 0# - FORMATTED CONTENTS NOTE
Formatted contents note Law and gospel and the strategies of pictorial rhetoric -- The Schneeberg altarpiece and the structure of worship -- The Wittenberg altarpiece : communal devotion and identity -- Holy visions and pious testimony: Weimar altarpiece -- Public worship to private devotion : Cranach's Reformation Madonna panels.
600 10 - SUBJECT ADDED ENTRY--PERSONAL NAME
Personal name Cranach, Lucas,
Dates associated with a name 1472-1553
General subdivision Criticism and interpretation.
650 #0 - SUBJECT ADDED ENTRY--TOPICAL TERM
Topical term or geographic name as entry element Reformation and art
Geographic subdivision Germany.
650 #0 - SUBJECT ADDED ENTRY--TOPICAL TERM
Topical term or geographic name as entry element Art and religion.
650 #0 - SUBJECT ADDED ENTRY--TOPICAL TERM
Topical term or geographic name as entry element Art
Geographic subdivision Germany
Chronological subdivision 16th century.
942 ## - ADDED ENTRY ELEMENTS (KOHA)
Source of classification or shelving scheme
Koha item type Hard Covered Materials
Classification part N6888 .C72N62 2009
Holdings
Withdrawn status Lost status Source of classification or shelving scheme Damaged status Not for loan Home library Current library Shelving location Date acquired Source of acquisition Total Checkouts Full call number Barcode Date last seen Price effective from Koha item type
          MACHAKOS UNIVERSITY LIBRARY MACHAKOS UNIVERSITY LIBRARY Technical section 31/01/2017 Donation(BFA)   N6888 .C72N62 2009 33346 13/07/2018 31/01/2017 Hard Covered Materials
© Machakos University Library, Along The Highway, Machakos Wote Rd, Machakos, Kenya P.O. Box 136 - 90100 Machakos - Kenya

Tel: ( +254 ) 723 805829 OR Fax : 044-20353 OR Email: library@mksu.ac.ke